| 000 | 00818nam a22002531c 4500 | ||
|---|---|---|---|
| 001 | a987691948 | ||
| 008 | 181004s2015 gw |||| 000u ger d | ||
| 020 |
_a9783734750045 _9978-373-475-0045 |
||
| 041 | _ager | ||
| 100 | 1 | _aWickenhäuser, Ruben Philipp | |
| 240 | 1 | 0 | _aAnthropologie und Nationalsozialismus |
| 245 | 0 | 0 |
_aRassenforschung Rassenkunde Rassenideologie : _bEine wissenschaftshistorische Betrachtung der physischen Anthropologie zwischen Weimarer Republik und NS-Zeit |
| 250 | _a1. Auflage | ||
| 264 |
_a[Norderstedt] : _b[Books on Demand], _c2015 |
||
| 300 | _a180 Seiten | ||
| 650 | 0 | _aRassenideologie | |
| 650 | 0 | _aRassenkunde | |
| 650 | 0 | _aRassenforschung | |
| 650 | 0 | _aAnthroplologie | |
| 650 | 0 | _aNationalsozialismus | |
| 942 | _cMG | ||
| 040 | _cRU-10907106 | ||
| 003 | RU-10907106 | ||
| 999 |
_c11221 _d11221 |
||